[Event "NAYCC U14"]
[Site "Toronto CAN"]
[Date "2013.08.18"]
[Round "9"]
[White "Lee, Stefano"]
[Black "Kong, Aaron"]
[Result "0-1"]
[WhiteElo "922"]
[BlackElo "1154"]
[PlyCount "174"]
[GameId "2160767909284184"]
[EventDate "2013.08.14"]
[EventType "swiss"]
[EventRounds "9"]
[EventCountry "CAN"]
[SourceTitle "hb 2013"]

1. e4 c6 2. d4 d5 3. exd5 cxd5 4. c4 e6 5. Nf3 Nf6 6. c5 b6 7. Bb5+ Bd7 8. Qa4 Bxb5 9. Qxb5+ Qd7 10. Nc3 bxc5 11. Ne5 Qxb5 12. Nxb5 Na6 13. O-O cxd4 14. Nxd4 Bd6 15. Nec6 Bc5 16. Nb5 Nb8 17. Na5 Bb6 18. Nd6+ Ke7 19. Nab7 Nc6 20. Bf4 Nd8 21. Rfe1 Bc7 22. Rac1 Ne8 23. Bg5+ f6 24. Bxf6+ Kxf6 25. Nxe8+ Rxe8 26. Rxc7 Nxb7 27. Rxb7 Reb8 28. Rxb8 Rxb8 29. b3 d4 30. Rd1 Rc8 31. Kf1 Rd8 32. Rd3 e5 33. f3 Kf5 34. g3 Rd7 35. a4 a5 36. Ke2 e4 37. fxe4+ Kxe4 38. h3 Rc7 39. Kd2 Rf7 40. Ke2 Rf2+ 41. Kxf2 Kxd3 42. b4 axb4 43. a5 b3 44. a6 b2 45. a7 b1=Q 46. a8=Q Qc2+ 47. Kf3 Qe2+ 48. Kf4 Qe3+ 49. Kf5 Qf2+ 50. Kg4 Qe2+ 51. Kf4 Qe3+ 52. Kf5 Ke2 53. Qa2+ Qd2 54. Qe6+ Qe3 55. Qa2+ Kf3 56. Qd5+ Kf2 57. Qa2+ Kxg3 58. Qa7 Qf4+ 59. Ke6 Qf6+ 60. Kd5 Kxh3 61. Qd7+ Kh4 62. Qa4 Qf5+ 63. Kd6 Qf6+ 64. Kd5 Kg5 65. Qa1 Kg6 66. Kc4 Qe6+ 67. Kd3 Qe3+ 68. Kc4 Qc3+ 69. Qxc3 dxc3 70. Kxc3 h5 71. Kd3 Kf5 72. Ke2 Kf4 73. Kf2 g5 74. Kg2 h4 75. Kh2 g4 76. Kg2 h3+ 77. Kf2 g3+ 78. Kf1 g2+ 79. Kf2 Kg4 80. Kg1 Kf3 81. Kh2 Kf2 82. Kxh3 g1=Q 83. Kh4 Kf3 84. Kh5 Kf4 85. Kh6 Kf5 86. Kh7 Kf6 87. Kh8 Qg7# 0-1

[Event "NAYCC U14"]
[Site "Toronto CAN"]
[Date "2013.08.18"]
[Round "9"]
[White "Lei, Sean"]
[Black "Zhang, Jeff"]
[Result "1-0"]
[WhiteElo "1310"]
[BlackElo "1493"]
[PlyCount "91"]
[GameId "2160767909284185"]
[EventDate "2013.08.14"]
[EventType "swiss"]
[EventRounds "9"]
[EventCountry "CAN"]
[SourceTitle "hb 2013"]

1. e4 c5 2. Nf3 d6 3. c3 Nf6 4. Be2 Nxe4 5. Qa4+ Bd7 6. Qxe4 Nc6 7. O-O g6 8. d4 cxd4 9. cxd4 Bg7 10. Nc3 O-O 11. Bf4 Bf5 12. Qe3 Nb4 13. Rac1 Qb6 14. Qd2 Rac8 15. a3 Nc6 16. Be3 Qd8 17. b4 a6 18. Bh6 b5 19. Bxg7 Kxg7 20. Bd3 Bd7 21. Rfe1 Re8 22. Ne4 Qb6 23. Be2 Qb7 24. Nc3 Nd8 25. Rc2 Ne6 26. Rec1 Nc7 27. Ng5 Qb6 28. Qf4 Rf8 29. Bg4 Bxg4 30. Qxg4 a5 31. Na2 e6 32. Nf3 a4 33. d5 Qb7 34. Qd4+ e5 35. Nxe5 Kg8 36. Nd7 Rfd8 37. Nf6+ Kf8 38. Nxh7+ Kg8 39. Nf6+ Kf8 40. Nc3 Ne8 41. Nxe8 Rxe8 42. Ne4 Rxc2 43. Rxc2 f5 44. Qh8+ Ke7 45. Qg7+ Kd8 46. Qxb7 1-0

[Event "NAYCC U14"]
[Site "Toronto CAN"]
[Date "2013.08.18"]
[Round "9"]
[White "Michelashvili, Alexandre"]
[Black "Tao, Jeffrey"]
[Result "0-1"]
[Annotator ",Hugh"]
[WhiteElo "1759"]
[BlackElo "1958"]
[PlyCount "33"]
[GameId "2160767740551354"]
[EventDate "2013.08.14"]
[EventType "swiss"]
[EventRounds "9"]
[EventCountry "CAN"]
[SourceTitle "hb 2013"]

1. e4 c5 2. c3 Nf6 3. e5 Nd5 4. Nf3 d6 5. d4 b6 6. c4 Nc7 7. d5 e6 8. Nc3 dxe5 9. dxe6 Qxd1+ 10. Nxd1 Nxe6 11. Nxe5 f6 12. Nf3 Be7 13. Be2 Bd7 14. Ne3 O-O 15. Bd2 Re8 16. Bc3 Nc6 17. Kd2 {etc.} 0-1

[Event "NAYCC U14"]
[Site "Toronto CAN"]
[Date "2013.08.18"]
[Round "9"]
[White "Pillai, Kadhir A"]
[Black "Ye, Hanyuan"]
[Result "1-0"]
[WhiteElo "2134"]
[BlackElo "1971"]
[PlyCount "61"]
[GameId "2160767909284186"]
[EventDate "2013.08.14"]
[EventType "swiss"]
[EventRounds "9"]
[EventCountry "CAN"]
[SourceTitle "EXT 2022"]
[Source "ChessBase"]
[SourceDate "2021.10.06"]
[SourceVersion "1"]
[SourceVersionDate "2021.10.06"]
[SourceQuality "1"]

1. e4 e6 2. d4 d5 3. Nd2 Nf6 4. e5 Nfd7 5. Bd3 c5 6. c3 Nc6 7. Ne2 cxd4 8. cxd4 f6 9. exf6 Nxf6 10. O-O Bd6 11. Nf3 O-O 12. Bg5 h6 13. Bh4 Ne7 14. Bg3 Nf5 15. Bxf5 exf5 16. Bxd6 Qxd6 17. Ne5 Nd7 18. Nf4 b6 19. Qc2 g5 20. Nfd3 Nxe5 21. Nxe5 Rd8 22. h3 Bd7 23. Qb3 Rac8 24. f4 Rc7 25. fxg5 hxg5 26. Qg3 Qf6 27. h4 Rc2 28. hxg5 Qe6 29. g6 Rxb2 30. Qh4 Rc8 31. Qh7+ 1-0

[Event "NAYCC U14"]
[Site "Toronto CAN"]
[Date "2013.08.18"]
[Round "9"]
[White "Saha, Ananda"]
[Black "Nitu, Vladimir"]
[Result "1/2-1/2"]
[WhiteElo "1806"]
[BlackElo "1446"]
[PlyCount "50"]
[GameId "2160767909284187"]
[EventDate "2013.08.14"]
[EventType "swiss"]
[EventRounds "9"]
[EventCountry "CAN"]
[SourceTitle "hb 2013"]

1. d4 d5 2. c4 c6 3. Nf3 Nf6 4. Nc3 dxc4 5. a4 Nd5 6. e4 Nxc3 7. bxc3 b5 8. axb5 cxb5 9. Ba3 e6 10. Bxf8 Kxf8 11. Qb1 a6 12. g3 Nd7 13. Bg2 Bb7 14. O-O g6 15. Nd2 Qc7 16. f4 Kg7 17. f5 exf5 18. exf5 Bxg2 19. Kxg2 Nf6 20. Rf3 Rhe8 21. Qf1 Qc6 22. Kg1 Ra7 23. fxg6 fxg6 24. Qf2 Rf7 25. Rf1 Ref8 1/2-1/2

[Event "NAYCC U14"]
[Site "Toronto CAN"]
[Date "2013.08.18"]
[Round "9"]
[White "Song, Eric"]
[Black "Luo, Alan"]
[Result "1/2-1/2"]
[WhiteElo "1759"]
[BlackElo "1479"]
[PlyCount "108"]
[GameId "2160767909284188"]
[EventDate "2013.08.14"]
[EventType "swiss"]
[EventRounds "9"]
[EventCountry "CAN"]
[SourceTitle "hb 2013"]

1. e4 e5 2. Nf3 d6 3. d4 Nf6 4. Nc3 Nbd7 5. Bc4 Be7 6. O-O O-O 7. b3 c6 8. a4 Qc7 9. dxe5 Nxe5 10. Nxe5 dxe5 11. Bb2 Bg4 12. f3 Rad8 13. Qe1 Bh5 14. Qg3 Bc5+ 15. Kh1 Bd4 16. Rad1 Bxc3 17. Bxc3 Rxd1 18. Rxd1 Re8 19. Re1 Bg6 20. Qf2 a6 21. h4 h6 22. g4 Qc8 23. h5 Bh7 24. Qg3 Qc7 25. Qh2 b5 26. Bd3 a5 27. Rg1 Re6 28. g5 Nd7 29. Qh4 Qd8 30. axb5 cxb5 31. Bxb5 Nf8 32. Bc4 Rd6 33. Bxe5 Rd1 34. Bxf7+ Kxf7 35. g6+ Nxg6 36. hxg6+ Bxg6 37. Qxd8 Rxd8 38. Bc3 Rc8 39. Bxa5 Rxc2 40. b4 Rf2 41. Re1 Rxf3 42. b5 Ra3 43. Bc7 Ra4 44. e5 Be4+ 45. Kh2 g5 46. b6 Rb4 47. Kg3 Ke6 48. Kf2 h5 49. Bd6 Rb2+ 50. Ke3 Bf5 51. Bc7 Rb4 52. Rh1 h4 53. Bd8 Re4+ 54. Kf2 Rxe5 1/2-1/2

[Event "NAYCC U14"]
[Site "Toronto CAN"]
[Date "2013.08.18"]
[Round "9"]
[White "Wang, Eric1"]
[Black "Sirkovich, Daniel"]
[Result "1-0"]
[WhiteElo "1870"]
[BlackElo "1768"]
[PlyCount "121"]
[GameId "2160767909284189"]
[EventDate "2013.08.14"]
[EventType "swiss"]
[EventRounds "9"]
[EventCountry "CAN"]
[SourceTitle "EXT 2022"]
[Source "ChessBase"]
[SourceDate "2021.10.06"]
[SourceVersion "1"]
[SourceVersionDate "2021.10.06"]
[SourceQuality "1"]

1. c4 Nf6 2. Nc3 e6 3. g3 c5 4. Nf3 Nc6 5. Bg2 Be7 6. O-O O-O 7. b3 b6 8. d4 cxd4 9. Nxd4 Bb7 10. e4 Nxd4 11. Qxd4 Bc5 12. Qd3 Qc7 13. Bb2 d6 14. a3 e5 15. Rae1 Bd4 16. Nb5 Qe7 17. Nxd4 exd4 18. Qxd4 Rad8 19. Qd3 Rfe8 20. Bxf6 Qxf6 21. Re2 Bc8 22. Rd2 Be6 23. Rfd1 Rd7 24. Qe3 Red8 25. Rd4 Qe7 26. h3 h6 27. f4 f6 28. a4 Bf7 29. Kh2 d5 30. Qd2 Kh8 31. exd5 Re8 32. Re4 Qd6 33. Rde1 Rxe4 34. Rxe4 Rd8 35. Qe3 a6 36. Re7 Bg6 37. Re6 Qc7 38. Qxb6 Qxb6 39. Rxb6 Ra8 40. d6 Ra7 41. c5 Bf5 42. c6 Kh7 43. d7 Bxd7 44. cxd7 Rxd7 45. Rxa6 f5 46. b4 Rd4 47. b5 Rb4 48. b6 Kg8 49. b7 Kf7 50. Ra8 g5 51. b8=Q Rxb8 52. Rxb8 gxf4 53. gxf4 h5 54. a5 h4 55. Rb6 Ke7 56. a6 Kd7 57. Rc6 Kd8 58. a7 Kd7 59. a8=Q Ke7 60. Qb7+ Kd8 61. Rc8# 1-0

[Event "NAYCC U14"]
[Site "Toronto CAN"]
[Date "2013.08.18"]
[Round "9"]
[White "Yaskolko, Alexander"]
[Black "Karp, Eli"]
[Result "0-1"]
[WhiteElo "1720"]
[BlackElo "1843"]
[PlyCount "62"]
[GameId "2160767909284190"]
[EventDate "2013.08.14"]
[EventType "swiss"]
[EventRounds "9"]
[EventCountry "CAN"]
[SourceTitle "EXT 2022"]
[Source "ChessBase"]
[SourceDate "2021.10.06"]
[SourceVersion "1"]
[SourceVersionDate "2021.10.06"]
[SourceQuality "1"]

1. e4 e6 2. d4 d5 3. Nc3 Nf6 4. Bg5 dxe4 5. Nxe4 Be7 6. Bxf6 gxf6 7. Nf3 b6 8. Bb5+ c6 9. Bd3 Ba6 10. Bxa6 Nxa6 11. a3 Nc7 12. Qd2 f5 13. Ng3 Qd6 14. O-O O-O-O 15. Ne5 Qxe5 16. dxe5 Rxd2 17. Rac1 Rhd8 18. b4 Nd5 19. Rfd1 Nc3 20. Rxd2 Rxd2 21. Nf1 Ne2+ 22. Kh1 Nxc1 23. Nxd2 Ne2 24. Nf3 f6 25. g3 Nc3 26. Nd4 Kd7 27. f4 fxe5 28. fxe5 Nb5 29. Nxb5 cxb5 30. Kg2 a5 31. bxa5 bxa5 0-1

[Event "NAYCC U14"]
[Site "Toronto CAN"]
[Date "2013.08.18"]
[Round "9"]
[White "Zhong, Joey"]
[Black "Yu, Wenlu"]
[Result "1/2-1/2"]
[WhiteElo "1901"]
[BlackElo "2002"]
[PlyCount "42"]
[GameId "2160767909284191"]
[EventDate "2013.08.14"]
[EventType "swiss"]
[EventRounds "9"]
[EventCountry "CAN"]
[SourceTitle "hb 2013"]

1. e4 c5 2. Nf3 d6 3. Nc3 a6 4. d4 cxd4 5. Nxd4 Nf6 6. Bg5 Nbd7 7. Qe2 e6 8. O-O-O Qc7 9. f4 b5 10. a3 Bb7 11. g4 Rc8 12. Bg2 h6 13. Bxf6 gxf6 14. Kb1 Rg8 15. f5 e5 16. Nb3 Nb6 17. Nd5 Bxd5 18. exd5 Nc4 19. Be4 Qb6 20. Rhe1 Be7 21. c3 Kd7 1/2-1/2

[Event "NAYCC U14 w"]
[Site "Toronto CAN"]
[Date "2013.08.14"]
[Round "1"]
[White "Cherepakhin, Olga"]
[Black "Yu, Cindy"]
[Result "1-0"]
[WhiteElo "1669"]
[BlackElo "1332"]
[PlyCount "121"]
[GameId "2160767909284192"]
[EventDate "2013.08.14"]
[EventType "swiss"]
[EventRounds "9"]
[EventCountry "CAN"]
[SourceTitle "hb 2013"]

1. e4 e5 2. Nf3 Nc6 3. Bb5 Nf6 4. O-O a6 5. Ba4 d6 6. Re1 b5 7. Bb3 Na5 8. c3 Nxb3 9. axb3 Bg4 10. d4 exd4 11. cxd4 Be7 12. Nbd2 O-O 13. h3 Bh5 14. Nf1 Bg6 15. Ng3 c5 16. d5 h6 17. Nh4 Bh7 18. Nhf5 Nd7 19. Qg4 Bf6 20. Nxh6+ Kh8 21. Nhf5 Ne5 22. Qe2 Bxf5 23. Nxf5 Kg8 24. Bf4 c4 25. Bxe5 Bxe5 26. bxc4 bxc4 27. Qxc4 a5 28. Rab1 Rc8 29. Qe2 Rc7 30. Qg4 g6 31. f4 Bg7 32. Nxg7 Kxg7 33. Qe2 Re7 34. Qd3 Qb6+ 35. Qe3 Qxe3+ 36. Rxe3 Rfe8 37. Rbe1 f6 38. Kf2 Kh6 39. g4 g5 40. Kg3 gxf4+ 41. Kxf4 Kg6 42. h4 Rb7 43. b3 Rb4 44. Ra1 Rb5 45. g5 fxg5+ 46. hxg5 Re5 47. Rg1 Rb4 48. Ra1 Rb5 49. Rg1 Rb4 50. Rg2 Rxd5 51. Reg3 Rdb5 52. Rd3 d5 53. Re2 Rxe4+ 54. Rxe4 dxe4 55. Kxe4 Kxg5 56. Rd5+ Rxd5 57. Kxd5 Kf6 58. Kc5 a4 59. bxa4 Ke7 60. Kb6 Kd8 61. Kb7 1-0

[Event "NAYCC U14 w"]
[Site "Toronto CAN"]
[Date "2013.08.14"]
[Round "1"]
[White "Dhingra, Sangeeta"]
[Black "Ravishankar, Rakshaa"]
[Result "1-0"]
[WhiteElo "1803"]
[BlackElo "1431"]
[PlyCount "91"]
[GameId "2160767909284193"]
[EventDate "2013.08.14"]
[EventType "swiss"]
[EventRounds "9"]
[EventCountry "CAN"]
[SourceTitle "hb 2013"]

1. e4 e6 2. d4 d5 3. e5 c5 4. c3 Qb6 5. Nf3 Bd7 6. a3 Bb5 7. Bd3 Bxd3 8. Qxd3 Nc6 9. b4 cxd4 10. cxd4 Nge7 11. Nc3 Nf5 12. Na4 Qc7 13. Bb2 Be7 14. Rc1 Qd7 15. Qb3 O-O 16. O-O Rac8 17. Nc5 Bxc5 18. Rxc5 Rc7 19. Rfc1 b6 20. R5c2 Rfc8 21. Qc3 b5 22. Qd3 a6 23. Nd2 Nb8 24. Nb3 Rxc2 25. Rxc2 Rxc2 26. Qxc2 Qc6 27. Nc5 h6 28. Qd3 Ne7 29. f4 Nc8 30. g4 Nb6 31. Bc1 Nc4 32. f5 exf5 33. gxf5 Nd7 34. Qg3 Kf8 35. f6 gxf6 36. Nxd7+ Qxd7 37. exf6 Qd6 38. Bxh6+ Ke8 39. Qg8+ Kd7 40. Qxf7+ Kc6 41. Qe8+ Kc7 42. Qg6 Kc6 43. Qf5 Qd7 44. Qxd7+ Kxd7 45. f7 Ke7 46. f8=Q+ 1-0

[Event "NAYCC U14 w"]
[Site "Toronto CAN"]
[Date "2013.08.14"]
[Round "1"]
[White "Ding, Kimberly"]
[Black "Peng, Janet"]
[Result "1-0"]
[WhiteElo "2012"]
[BlackElo "1479"]
[PlyCount "59"]
[GameId "2160767909284194"]
[EventDate "2013.08.14"]
[EventType "swiss"]
[EventRounds "9"]
[EventCountry "CAN"]
[SourceTitle "hb 2013"]

1. e4 e6 2. d4 d5 3. Nc3 Nf6 4. Bg5 Bb4 5. e5 h6 6. Bd2 Nfd7 7. Bd3 O-O 8. Nce2 Be7 9. Nf3 b6 10. O-O Ba6 11. Ne1 c5 12. c3 Bxd3 13. Nxd3 Nc6 14. f4 cxd4 15. Nxd4 Nxd4 16. cxd4 Nb8 17. f5 exf5 18. Rxf5 Qd7 19. Qg4 g6 20. Raf1 Bg5 21. Bxg5 gxf5 22. Rxf5 Kh7 23. Qh3 Qc6 24. Rf6 Qa4 25. Bxh6 Re8 26. Rxf7+ Kg8 27. Qg4+ Kxf7 28. Qg7+ Ke6 29. Nf4+ Kf5 30. Qg6# 1-0

[Event "NAYCC U14 w"]
[Site "Toronto CAN"]
[Date "2013.08.14"]
[Round "1"]
[White "Gao, Christine"]
[Black "Xiang, Evan"]
[Result "0-1"]
[WhiteElo "1472"]
[BlackElo "1944"]
[PlyCount "104"]
[GameId "2160767909284195"]
[EventDate "2013.08.14"]
[EventType "swiss"]
[EventRounds "9"]
[EventCountry "CAN"]
[SourceTitle "hb 2013"]

1. e4 d5 2. exd5 Nf6 3. Nc3 Nxd5 4. d4 Nc6 5. Bc4 Nb6 6. Bb5 e6 7. Nf3 Bd7 8. O-O Bb4 9. d5 Bxc3 10. dxc6 bxc6 11. Bxc6 Bxc6 12. Qxd8+ Rxd8 13. bxc3 Be4 14. Bf4 Nd5 15. Be5 f6 16. Bd4 Bxc2 17. Rfc1 Bd3 18. Re1 Kf7 19. Kh1 a5 20. a3 Rb8 21. Rad1 Bc4 22. Rb1 Nf4 23. Nd2 Bd3 24. Rbd1 Bc2 25. Rc1 Nd3 26. Nc4 Nxc1 27. Rxc1 Rb1 28. Rxb1 Bxb1 29. h3 a4 30. Bc5 Rd8 31. Kh2 g5 32. Ne3 h5 33. Kg3 Rd3 34. Bb4 f5 35. Kh2 Ba2 36. Nf1 f4 37. g3 Rd1 38. Kg2 Bd5+ 39. f3 Bc4 40. Nh2 Rd2+ 41. Kg1 fxg3 42. Nf1 Rd1 43. Kg2 Rxf1 44. Kxg3 h4+ 45. Kg2 Rb1 46. Kf2 Rb2+ 47. Kg1 Kf6 48. Bc5 e5 49. Bb4 Kf5 50. Bc5 Kf4 51. Bf2 Kxf3 52. Bc5 Kg3 0-1

[Event "NAYCC U14 w"]
[Site "Toronto CAN"]
[Date "2013.08.14"]
[Round "1"]
[White "Kathirkamar, Vaanie"]
[Black "Pobereshnikova, Agniya"]
[Result "0-1"]
[WhiteElo "1001"]
[BlackElo "1547"]
[PlyCount "80"]
[GameId "2160767909284196"]
[EventDate "2013.08.14"]
[EventType "swiss"]
[EventRounds "9"]
[EventCountry "CAN"]
[SourceTitle "hb 2013"]

1. e4 c5 2. Ne2 d6 3. g3 Nf6 4. Bg2 g6 5. c3 Bg7 6. O-O Nc6 7. d4 cxd4 8. cxd4 O-O 9. Nbc3 Bd7 10. h3 Qc8 11. Kh2 Qc7 12. Be3 Rac8 13. Rc1 Qa5 14. Qd2 a6 15. a3 b5 16. Ra1 Ne8 17. d5 Ne5 18. Bh6 f5 19. Bxg7 Kxg7 20. b4 Qb6 21. Nf4 Nf6 22. exf5 Bxf5 23. Kh1 Rc4 24. Rfe1 Rfc8 25. Rac1 Qc7 26. Nfe2 Nd3 27. g4 Nxe1 28. Rxe1 Bd7 29. g5 Nh5 30. Ng3 Nxg3+ 31. fxg3 Bf5 32. Ne2 Rf8 33. Nf4 Re8 34. Ne6+ Bxe6 35. Rxe6 Rc1+ 36. Kh2 Qc3 37. Qf4 Re1 38. Rxg6+ hxg6 39. Qh4 Rh8 40. Qf4 Qe3 0-1

[Event "NAYCC U14 w"]
[Site "Toronto CAN"]
[Date "2013.08.14"]
[Round "1"]
[White "Li, Kristen"]
[Black "Thanabalachandran, Luxiga"]
[Result "1-0"]
[WhiteElo "1626"]
[BlackElo "1030"]
[PlyCount "107"]
[GameId "2160767909284197"]
[EventDate "2013.08.14"]
[EventType "swiss"]
[EventRounds "9"]
[EventCountry "CAN"]
[SourceTitle "hb 2013"]

1. e4 e6 2. d4 d5 3. Nc3 Nf6 4. Bg5 Be7 5. e5 Ne4 6. Bxe7 Qxe7 7. Bd3 Nxc3 8. bxc3 c5 9. Nf3 Nc6 10. O-O b6 11. Rb1 c4 12. Be2 O-O 13. Qd2 f6 14. Rfe1 fxe5 15. dxe5 Rb8 16. Bd1 b5 17. a4 a6 18. axb5 axb5 19. Nd4 Bd7 20. Qe3 b4 21. cxb4 Nxd4 22. Qxd4 Rxb4 23. Ra1 Ra4 24. Rb1 Rb4 25. Bg4 Rxb1 26. Rxb1 Qg5 27. Bh3 Qf4 28. Qxf4 Rxf4 29. Rb7 Bc8 30. Rc7 Rf8 31. Rxc8 Rxc8 32. Bxe6+ Kf8 33. Bxc8 d4 34. Kf1 Ke7 35. Ke2 Kf7 36. Ba6 c3 37. Kd3 Ke6 38. Kxd4 g5 39. Bc4+ Ke7 40. Kxc3 h5 41. Kd4 g4 42. Kd5 Kd7 43. g3 Ke7 44. e6 Ke8 45. Kd6 Kd8 46. e7+ Ke8 47. Bb5+ Kf7 48. e8=Q+ Kf6 49. Qe5+ Kg6 50. Be8+ Kh6 51. Qf6+ Kh7 52. Bg6+ Kg8 53. Qf7+ Kh8 54. Qh7# 1-0

[Event "NAYCC U14 w"]
[Site "Toronto CAN"]
[Date "2013.08.14"]
[Round "1"]
[White "Roque, Fernanda"]
[Black "Zhou, Qiyu"]
[Result "1-0"]
[WhiteElo "1544"]
[BlackElo "2119"]
[PlyCount "75"]
[GameId "2160767909284198"]
[EventDate "2013.08.14"]
[EventType "swiss"]
[EventRounds "9"]
[EventCountry "CAN"]
[SourceTitle "hb 2013"]

1. c4 e5 2. Nc3 Nf6 3. g3 d5 4. cxd5 Nxd5 5. Bg2 Nb6 6. Nf3 Nc6 7. d3 Be7 8. O-O O-O 9. a3 Re8 10. b4 Bf8 11. Bb2 Bg4 12. Ne4 Nd4 13. Ned2 Qd7 14. Re1 Na4 15. Rb1 Nxb2 16. Rxb2 c6 17. Qb1 Rad8 18. Nxd4 exd4 19. Ne4 Re5 20. Rc1 Rde8 21. f3 Bh3 22. Rcc2 Bxg2 23. Kxg2 h6 24. a4 Rh5 25. g4 Rhe5 26. Qg1 f5 27. gxf5 Rxf5 28. Kf1 Kh8 29. Rc4 Rd8 30. Qg6 Rf4 31. Qg3 Qf7 32. b5 cxb5 33. Rxb5 Rf5 34. Rc7 Qh5 35. Rbxb7 g6 36. Rh7+ Kg8 37. Qc7 Qh3+ 38. Kg1 1-0

[Event "NAYCC U14 w"]
[Site "Toronto CAN"]
[Date "2013.08.14"]
[Round "1"]
[White "Serban, Diana"]
[Black "Tao, Rachel"]
[Result "0-1"]
[WhiteElo "1253"]
[BlackElo "1659"]
[PlyCount "124"]
[GameId "2160767909284200"]
[EventDate "2013.08.14"]
[EventType "swiss"]
[EventRounds "9"]
[EventCountry "CAN"]
[SourceTitle "EXT 2022"]
[Source "ChessBase"]
[SourceDate "2021.10.06"]
[SourceVersion "1"]
[SourceVersionDate "2021.10.06"]
[SourceQuality "1"]

1. d4 d5 2. c4 e6 3. cxd5 exd5 4. Nf3 Nf6 5. Bg5 Bd6 6. Nc3 c6 7. e3 O-O 8. Bd3 Re8 9. O-O Bg4 10. a3 Nbd7 11. Re1 Qc7 12. g3 Ne4 13. Bf4 Ndf6 14. Be2 Bh3 15. Bf1 Bxf1 16. Kxf1 Ng4 17. Nxe4 dxe4 18. Nd2 h5 19. h3 Nf6 20. Rc1 Bxf4 21. gxf4 Rad8 22. Rc5 Rd5 23. Rxd5 cxd5 24. Qc1 Qd7 25. Kg2 Rc8 26. Qd1 Qc6 27. f3 Qc2 28. Qxc2 Rxc2 29. Re2 Rxb2 30. Kf2 Ra2 31. Nb1 Ra1 32. Rb2 b6 33. fxe4 Nxe4+ 34. Ke2 Nd6 35. Kd3 Nc4 36. Rb3 a5 37. Kc2 Ra2+ 38. Kd3 Rh2 39. e4 Rxh3+ 40. Kc2 Rh2+ 41. Kd3 h4 42. exd5 Rh3+ 43. Kxc4 Rxb3 44. Kxb3 h3 45. d6 Kf8 46. Nd2 h2 47. d7 Ke7 48. Ka4 h1=Q 49. Kb5 Qa1 50. Kc6 Qxd4 51. Kb5 Qxd7+ 52. Kc4 Qxd2 53. f5 Kd6 54. f6 Qd5+ 55. Kc3 g5 56. a4 Kc5 57. Kb2 Qf3 58. Kc2 Kd4 59. Kb2 Qc3+ 60. Kb1 Qd2 61. Ka1 Kc3 62. Kb1 Qb2# 0-1

[Event "NAYCC U14 w"]
[Site "Toronto CAN"]
[Date "2013.08.14"]
[Round "1"]
[White "Wang, Sophie"]
[Black "Kulkami, Soumya"]
[Result "0-1"]
[WhiteElo "1346"]
[BlackElo "1769"]
[PlyCount "58"]
[GameId "2160767909284201"]
[EventDate "2013.08.14"]
[EventType "swiss"]
[EventRounds "9"]
[EventCountry "CAN"]
[SourceTitle "hb 2013"]

1. e4 e5 2. Nc3 Nf6 3. f4 d6 4. Nf3 Nc6 5. Bc4 Nxe4 6. Bxf7+ Kxf7 7. Nxe4 h6 8. O-O exf4 9. d3 Be7 10. Ne1 Rf8 11. Qh5+ Kg8 12. Rxf4 d5 13. Nf2 Be6 14. Qg6 Bf7 15. Qg4 Bg5 16. Ra4 Bxc1 17. Rxc1 Qf6 18. b3 Bh5 19. Qg3 Nd4 20. Rxd4 Qxd4 21. c3 Qf6 22. d4 Rae8 23. Ned3 Re2 24. a4 Qe7 25. Qh3 Rfxf2 26. Qxh5 Rxg2+ 27. Kh1 Rxh2+ 28. Qxh2 Rxh2+ 29. Kxh2 Qe2+ 0-1

[Event "NAYCC U14 w"]
[Site "Toronto CAN"]
[Date "2013.08.15"]
[Round "2"]
[White "Kulkarni, Soumya"]
[Black "Li, Kristen"]
[Result "0-1"]
[WhiteElo "1769"]
[BlackElo "1626"]
[PlyCount "54"]
[GameId "2160767909284203"]
[EventDate "2013.08.14"]
[EventType "swiss"]
[EventRounds "9"]
[EventCountry "CAN"]
[SourceTitle "EXT 2022"]
[Source "ChessBase"]
[SourceDate "2021.10.06"]
[SourceVersion "1"]
[SourceVersionDate "2021.10.06"]
[SourceQuality "1"]

1. d4 Nf6 2. Nf3 g6 3. Nc3 Bg7 4. e4 d6 5. h3 O-O 6. Bf4 Re8 7. Qd2 a6 8. g4 b5 9. g5 Nh5 10. Bh2 b4 11. Ne2 a5 12. O-O-O Bb7 13. Qe3 Nd7 14. Ng3 Nxg3 15. Bxg3 a4 16. Bc4 Nb6 17. Bb5 c6 18. Be2 d5 19. e5 Nc4 20. Qf4 b3 21. cxb3 axb3 22. axb3 Na5 23. Kc2 Qb6 24. Qe3 Rec8 25. Rd3 c5 26. Kd2 c4 27. bxc4 Nxc4+ 0-1

[Event "NAYCC U14 w"]
[Site "Toronto CAN"]
[Date "2013.08.15"]
[Round "2"]
[White "Peng, Janet"]
[Black "Roque, Fernanda"]
[Result "1-0"]
[WhiteElo "1479"]
[BlackElo "1544"]
[PlyCount "113"]
[GameId "2160767909284204"]
[EventDate "2013.08.14"]
[EventType "swiss"]
[EventRounds "9"]
[EventCountry "CAN"]

1. d4 Nf6 2. Nf3 g6 3. Bf4 Bg7 4. e3 O-O 5. h3 d6 6. Be2 Nbd7 7. c4 c5 8. Nc3 Nb6 9. O-O Bf5 10. Qb3 Qc8 11. Rac1 cxd4 12. exd4 h5 13. Rfd1 Be6 14. d5 Bf5 15. Nd4 Ne4 16. Nxe4 Bxe4 17. Qe3 Bf5 18. Bd3 Bxd3 19. Qxd3 Na4 20. Qd2 Nc5 21. Bh6 Qd7 22. Bxg7 Kxg7 23. Qc3 f6 24. b4 Na4 25. Qe3 Kh7 26. Re1 Rfe8 27. Qe6 Qxe6 28. Nxe6 Rac8 29. c5 dxc5 30. bxc5 Nb2 31. Re3 b6 32. Rc2 Na4 33. Ra3 Nxc5 34. Nxc5 bxc5 35. Rxa7 Kg7 36. Ra5 c4 37. Ra4 Red8 38. Raxc4 Rxc4 39. Rxc4 Rxd5 40. Rc7 Kf7 41. Ra7 Ke6 42. a4 Rd7 43. Rxd7 Kxd7 44. Kf1 Kc6 45. Ke2 Kc5 46. Ke3 Kb4 47. Ke4 e6 48. Kd4 Kxa4 49. Kc5 Kb3 50. Kd6 e5 51. Ke6 Kc3 52. Kxf6 e4 53. Kxg6 Kd3 54. Kf5 h4 55. Kf4 Ke2 56. Kxe4 Kxf2 57. Kf4 1-0

[Event "NAYCC U14 w"]
[Site "Toronto CAN"]
[Date "2013.08.15"]
[Round "2"]
[White "Pobereshnikova, Agniya"]
[Black "Dhingra, Sangeeta"]
[Result "1-0"]
[WhiteElo "1547"]
[BlackElo "1803"]
[PlyCount "71"]
[GameId "2160767909284206"]
[EventDate "2013.08.14"]
[EventType "swiss"]
[EventRounds "9"]
[EventCountry "CAN"]
[SourceTitle "EXT 2022"]
[Source "ChessBase"]
[SourceDate "2021.10.06"]
[SourceVersion "1"]
[SourceVersionDate "2021.10.06"]
[SourceQuality "1"]

1. e4 c5 2. Nf3 e6 3. d4 cxd4 4. Nxd4 Nc6 5. Nc3 a6 6. Be2 Qc7 7. Be3 Nf6 8. O-O Be7 9. f4 d6 10. Qd2 b5 11. a3 Bb7 12. Bd3 Ng4 13. Rf3 Nxe3 14. Qxe3 Bf6 15. Nde2 Na5 16. Rd1 Nc4 17. Bxc4 bxc4 18. Ng3 g6 19. Rf2 Rd8 20. f5 O-O 21. Rdf1 Qe7 22. Qh6 Bd4 23. Nh5 exf5 24. exf5 f6 25. fxg6 hxg6 26. Qxg6+ Kh8 27. Ne2 Be3 28. Kh1 Be4 29. Qg3 Bxf2 30. Qxf2 Qe5 31. Qh4 Bxg2+ 32. Kxg2 Qxe2+ 33. Rf2 Qxf2+ 34. Kxf2 d5 35. Nf4+ Kg8 36. Ne6 1-0